000 00852cam a2200217 4500
001 WB3923-11
008 030617n2003 000 0 eng u
035 _a(Sirsi) u122610
245 _aTackling homes shortage vital
260 _c2003
490 _aInside Housing
_v 13 June 2003,
520 _aTackling the south-east of England's housing shortage is vital if the UK is to meet Euro entry conditions, said a recent Treasury report. Report argues that successive UK governments have spent less on than their European counterparts on new housing, resulting in greater fluctuations in house prices. "Housing, consumption and EMU" http://www.treasury.gov.uk
590 _aWB
650 _aSOUTHEAST ENGLAND
650 _aHOUSE PRICES
650 _aEMU
650 _aNEW HOUSING
650 _aHM TREASURY
690 _aHOUSING
942 _n0
999 _c72859
_d72859